Competitividad ilusoria: el modelo de ensamblaje de prendas de vestir en la cuenca del Caribe /
Furkejuvvon:
| Váldodahkki: | |
|---|---|
| Materiálatiipa: | Texto |
| Fáttát: | |
| Fáddágilkorat: |
Lasit fáddágilkoriid
Eai fáddágilkorat, Lasit vuosttaš fáddágilkora!
|
MARC
| LEADER | 00000 a a2200000 04500 | ||
|---|---|---|---|
| 001 | 3547 | ||
| 003 | |||
| 040 | |||
| 100 | |a Mortimore, Michael | ||
| 245 | |a Competitividad ilusoria: el modelo de ensamblaje de prendas de vestir en la cuenca del Caribe / |c Michael Mortimore | ||
| 650 | |a INDUSTRIA DEL ENSAMBLAJE | ||
| 650 | |a INDUSTRIA DEL TEXTIL | ||
| 650 | |a COMERCIO INTERNACIONAL | ||
| 650 | |a COMPETITIVIDAD | ||
| 773 | |g volumen 53, número 4; páginas 306-317 | ||
| 999 | |c 22714 |d 22714 | ||
